Music Quiz

Random Music or Lyrics Quiz
Score 0/172 Timer 10:00
0 Plays Today
Lyrics % Correct
I
95.9%
I
95.9%
I
95.9%
I
95.9%
I
95.9%
I
95.9%
I
95.9%
I
95.9%
I
95.9%
I
95.9%
I
95.9%
I
95.9%
a
92%
a
92%
you
91.9%
you
91.9%
you
91.9%
you
91.9%
you
91.9%
you
91.9%
you
91.9%
you
91.9%
you
91.9%
you
91.9%
you
91.9%
you?
91.9%
you
91.9%
(Repeat last Chorus)
88.6%
love
85.6%
love
85.6%
the
83.7%
me
78.7%
me
78.7%
me
78.7%
me
78.7%
Oh
75.3%
to
74.7%
to
74.7%
to
74.7%
to
74.7%
to
74.7%
to
74.7%
do
73.3%
do
73.3%
And
72.1%
and
72.1%
and
72.1%
And
72.1%
and
72.1%
and
72.1%
and
72.1%
can
67.6%
can
67.6%
it
66.4%
it
66.4%
it
66.4%
it
66.4%
in
65.1%
Lyrics % Correct
in
65.1%
in
65.1%
in
65.1%
is
63.5%
is
63.5%
Is
63.5%
for?
61.3%
for
61.3%
for?
61.3%
your
61.2%
your
61.2%
your
61.2%
your
61.2%
your
61.2%
so
61%
want
60.4%
see
57.9%
see
57.9%
see
57.9%
see
57.9%
are
57.2%
are
57.2%
Are
57.2%
what
56.7%
what
56.7%
what
56.7%
my
55.6%
my
55.6%
my
55.6%
my
55.6%
my
55.6%
know
53.7%
know
53.7%
know
53.7%
how
50.7%
how
50.7%
eyes
49.2%
heart
47.6%
heart
47.6%
you're
47%
You're
47%
you're
47%
just
44.9%
just
45%
just
44.9%
will
44.5%
say
43.9%
tell
43.1%
tell
43.1%
Tell
43.1%
looking
43.1%
looking
43.1%
where
42.8%
with
41.9%
all
41.6%
much,
41.5%
much
41.5%
smile
41.5%
Lyrics % Correct
ever
40%
Hello,
38%
Hello
38%
I've
37.9%
I've
37.9%
I've
37.9%
I've
37.9%
feel
35.8%
time
35%
time
35%
been
34.7%
Or
34.3%
But
32.9%
mind
30.7%
wanted
30.6%
got
30.3%
got
30.3%
yeah
29.8%
by
29.7%
let
28.9%
let
28.9%
dreams
28.3%
again
27.4%
lips
25.7%
arms
25.2%
open
24.8%
win
24%
times
23.7%
thousand
23.6%
kissed
23.3%
long
22.7%
alone
22.7%
wide
22.7%
'Cause
22.5%
'Cause
22.5%
care
22%
inside
21.9%
loving
21.6%
someone
20.3%
door
20.1%
haven't
19.9%
feeling
19.9%
wonder
19.5%
wonder
19.5%
clue,
19.4%
hair
19.1%
lonely?
18.9%
outside
18.8%
Sometimes
18.7%
Sometimes
18.7%
start
18.4%
saying,
17.7%
somewhere
17.7%
pass
16.9%
sunlight
16%
overflow
14.7%
Come Together.
Have Fun.
All Virtual.
We all need to come together. Play Sporcle's virtual live trivia to have fun, connect with people, and get your trivia on. Join a live hosted trivia game for your favorite pub trivia experience done virtually. If a virtual private party is more your thing, go here for details.

You're not logged in!

Compare scores with friends on all Sporcle quizzes.
OR
Log In

Sporcle TV

Today on Sporcle TV


Watch our educational content, quiz creation guides, and fun videos on Sporcle TV.

Show Comments

Extras

Top Quizzes Today


Score Distribution

Paid Content

Your Account Isn't Verified!

In order to create a playlist on Sporcle, you need to verify the email address you used during registration. Go to your Sporcle Settings to finish the process.

Report this User

Report this user for behavior that violates our Community Guidelines.

Details: